Responses for Show #3379 - Thursday, April 22, 1999

Contestants

[<< previous game]

Tony Mangaser, a purchasing assistant from Williamsville, New York

Louise Cornish, a freelance writer from Toronto, Ontario

Edgar Smith, Jr., a math instructor from Houston, Texas (whose 1-day cash winnings total $10,000)

[next game >>]

Jeopardy! Round responses

HISTORY
DISNEY FILMS BY SONGS
SPORTS MEDICINE
CHAMPAGNE FOR EVERYONE!
ICELAND COMETH
"BIG" STUFF
    $100 1
Rubber

Triple Stumper
    $100 16
Aladdin

Edgar
    $100 21
Fracture

Edgar
    $100 4
Flute

Tony
    $100 26
Reykjavik

Tony
    $100 9
Big Bang Theory

Edgar
    $200 2
Manchuria

Tony
    $200 17
Mary Poppins

Edgar
    $200 22
(T: What is swelling?)
(Alex: Not necessarily swelling.)

Inflammation

EdgarTony
    $200 5
Robin Leach

Louise
    $200 27
Greenland

Edgar
    $200 12
Bigamist

Edgar
    $300 3
Home Rule

Triple Stumper
    $300 18
Snow White and the Seven Dwarfs

Edgar
    $300 23
Ligament

Edgar
    $300 6
Blanc de blancs

Triple Stumper
    $300 28
Mikhail Gorbachev & Ronald Reagan

Tony
    $300 13
Big Brother

Tony
    $400 10
(T: What is Brussels?)

Bruges

Tony
Triple Stumper
    $400 19
(T: What is "Fantasia?")

Dumbo

Tony
Triple Stumper
    $400 24
Hamstrings

Edgar
    $400 7
Brut

Louise
    $400 29
(L: What is Christianity?)

Lutheran

Louise
Triple Stumper
    $400 14
Bighorn sheep

Edgar
    $500 11
Tiber

Edgar
    $500 20
The Jungle Book

Edgar
    $500 25
(minute to go...)

Arthroscope

Louise
    $500 8
Dom Perignon

Tony
    $500 30
Krona/kroners

Tony
    $500 15
Bighouse

Edgar

Scores at the first commercial break (after clue 13):

Edgar Louise Tony
$800 $600 $700

Scores at the end of the Jeopardy! Round:

Edgar Louise Tony
$4,000 $700 $1,000

Double Jeopardy! Round responses

HER STORY
(Alex: Not history.)
COOKING
WORLD OF KNOWLEDGE
BETTER KNOWN AS...
OPERA
BEFORE & AFTER
    $200 1
"Women in Love"

Triple Stumper
    $200 25
Crusts

Louise
    $200 10
Beau Brummell

Louise
    $200 17
(T: Who is Alicia Silverstone?)

Jodie Foster

EdgarTony
    $200 3
Volga

Tony
    $200 12
Burger King Lear

Tony
    $400 2
Hester Prynne

Tony
    $400 26
Rind

Edgar
    $400 11
Israel

Tony
    $400 18
Talia Shire

Edgar
    $400 4
Hungary

Louise
    $400 13
Christopher Robin Quivers

Edgar
    $600 5
Sophie

Tony
    $600 27
Wok

Tony
    $600 22
Giza

Edgar
    $600 19
Elton John

Edgar
    $600 6
Giacomo Puccini

Edgar
    $600 14
Smith Barney Rubble

Edgar
    $800 7
Molly Bloom

Triple Stumper
    $800 28
Pemmican

Louise
    $800 23
Tibet

Triple Stumper
    $800 20
Boy George

Triple Stumper
    $800 8
(L: Who is Copernicus?)

Johannes Kepler

LouiseTony
    $800 15
Wailing Wall Street Journal

Tony
    $1,500 30
Daisy Miller

Louise
    $1000 29
Fish

Louise
    $1000 24
Han

Triple Stumper
    $900 21
(E: Who is Olivia de Havilland?)

Joan Fontaine

Edgar
    $1000 9
Bedrich Smetana

Triple Stumper
    $1000 16
Helen of Troy Aikman

Tony

Scores at the end of the Double Jeopardy! Round:

Edgar Louise Tony
$6,900 $4,000 $5,800

[wagering suggestions for these scores]

Final Jeopardy! Round responses

THE ENVIRONMENT
(Alex: Because of the high use of gasoline in those years. Edgar, was it a guess?)
(Edgar: Yes, it was!)
LouiseWhat is sulphur?
$4,000
TonyWhat is nitrogen?
$1,101
EdgarWhat is lead?
$4,708
Lead

Final scores:

Edgar Louise Tony
$11,608 $0 $4,699
2-day champion: $21,608 3rd place: Pair of Festina Watches 2nd place: Trip to Texcoco Plantation, Louisiana

Game dynamics:

Coryat scores:

Edgar Louise Tony
$7,800 $3,500 $5,800
22 R
(including 1 DD),
1 W
(including 1 DD)
9 R
(including 1 DD),
2 W
16 R,
4 W

Combined Coryat: $17,100

[game clues] [game scores] [suggest correction]

Game tape date: Unknown
The J! Archive is created by fans, for fans. Scraping, republication, monetization, and malicious use prohibited; this site may use cookies and collect identifying information. See terms. The Jeopardy! game show and all elements thereof, including but not limited to copyright and trademark thereto, are the property of Jeopardy Productions, Inc. and are protected under law. This website is not affiliated with, sponsored by, or operated by Jeopardy Productions, Inc. Join the discussion at JBoard.tv.